000 00462nam a2200169Ia 4500
999 _c12743
_d12743
003 OSt
005 20201027095042.0
008 190216s9999||||xx |||||||||||||| ||und||
040 _coclc
082 _a823
_bWOD/P
100 _aWodehouse, P G
_94773
245 0 _aPiccadilly Jim /
_cP G Wodehouse
260 _bPenguin Books ,
_c1968.
_aLondon:
300 _a237p
650 _aEnglish Novel
942 _cBK
_2ddc
_h823
_iWOD/P
_k823
_mWOD/P